000 00985nam a22003137a 4500
001 BR8803478
003 BR-BrBNA
005 20230928092930.0
007 ta
008 230509b bl.||||| |||| 00| 0 por d
040 _aBR-BrBNA
_bpor
_cBiblioteca Nacional de Agricultura
041 _a(Por)
072 _aE16; S20
_b/G514
090 _ E16 BR8803478
100 1 _aQuesada, G.M.
110 1 _aUniversidade Federal de Santa Maria, RS (Brasil). Centro de Ciencias Rurais
_910930
245 1 _aBalancos energeticos agropecuarios: uma proposta metodologica para o Rio Grande do Sul
_bRelatorio final (convenio FINEP/UFSM)
260 3 _aSanta Maria, RS (Brasil):
_c1986.
300 _a29 p.
500 _a11 tables; 14 ref.
650 _aPRODUTO DE ORIGEM VEGETAL
650 _aPRODUTIVIDADE
650 _aMAO-DE-OBRA
650 _aVALOR NUTRITIVO
650 _aBALANCO DE ENERGIA
650 _aRIO GRANDE DO SUL
909 _a202309
_bLucia
_c55
_dLucia Elande
942 _cBK
999 _c42054
_d42054